000 01208nam a22002777a 4500
001 8235
003 FISKH
005 20250904113845.0
008 250904b cb ||||| |||| 00| 0 eng d
020 _a9789995001995
040 _aFISKH
_bkhr
_cFISKH
_dFISKH
050 _aPZ7
082 _a800
100 _aSakal, Ngoun
245 _aសៀវភៅនិទានអប់រំសម្រាប់កុមារ​ /
_cអ្នកនិពន្ធ លោកស្រី ងួន សាកល វិចិត្រករ លោក សេង វិសាល​
260 _aPhnom Penh :
_bMinistry of Youth and Sport,
_c2013.
300 _a8 pages :
_bcolor illustrations ;
_c27 cm
505 _aF
520 _aមានអ្វីនៅលើ ពិសីចង់ធ្វើអ្វី រឿងនិទានរបស់ពិសី នៅផ្ទះជីតារបស់ពិសី ពិសីនិងសេះបៃតង ពិសីនិងកូនឆ្មា
521 8 _a300
_bLexile estimate
521 8 _aF
_bRaz-Plus
650 _aសៀវភៅរឿងនិទាន
650 _achildren's story
942 _2ddc
_cKHB
_n0
999 _c8235
_d8235